• 首页
  • 本馆介绍
  • 公告通知
  • 最新文献
  • 馆藏检索
  • 电子资源
  • 读者导购
  • 参考咨询
  • 我的图书馆
  • 登录
  • 详细信息显示
  • 放入我的书架
  • 预约/预借图书
  • 作者相关作品
  • 分类相关作品
  • 丛书相关作品
  • 出版社相关作品

书目信息

  • 表格格式
  • 工作单格式
  • 卡片格式
题名:
南苏关系
    
 
作者: 克利索德 , Clissold 编 ;河南师范大学外语系英语翻译组 译
分册:  
出版信息: 北京   人民出版社  1980
页数: 574页
开本: 19cm
丛书名:
单 册:
中图分类: D854.32 , D518
科图分类:
主题词: 苏联、南斯拉夫--1939~1973--史料 , 国际政治
电子资源:
ISBN:
000 01019nam0 2200313 450
001 1538385849
005 20150124104005.51
010    @dCNY1.80
091    @a3001.1764
100    @a19950526d1980 em y0chiy0110 ea
101 1  @achi@ceng
102    @aCN@b110000
105    @ay z 000yy
200 1  @a南苏关系@9nan su guan xi@e1939-1973@e文件与评注@f(英)克利索德(S.Clissold)编@g河南师范大学外语系英语翻译组译
210    @a北京@c人民出版社@d1980
215    @a574页@d19cm
300    @a书名原文:Yugoslavia and the Soviet Union
510 1  @aYugoslavia and the Soviet Union@zeng
606 0  @y苏联、南斯拉夫@z1939~1973@x史料
606 0  @a国际政治
607    @a苏联-国际关系史-南斯拉夫
607    @a南斯拉夫-国际关系史-苏联
690    @aD854.32@v5
690    @aD518@v4
701  1 @a克利索德@9ke li suo de@bS.@4编
701  1 @aClissold@bS.@4编
712 02 @a河南师范大学外语系英语翻译组@9he nan shi fan da xue wai yu xi ying yu fan yi zu@4译
801  0 @aCN@bTSSF@c20150124
905    @aZUCC@dD518@eJY5
    
    南苏关系:1939-1973:文件与评注/(英)克利索德(S.Clissold)编/河南师范大学外语系英语翻译组译.-北京:人民出版社,1980
    574页;19cm
    书名原文:Yugoslavia and the Soviet Union
    
    ISBN :CNY1.80
    
●
相关链接 在E读中查询图书 在五车中查询图书 在当当中查询图书 在豆瓣中查询图书


正题名:南苏关系     索取号:D518/JY5         预约/预借

序号 登录号 条形码 馆藏地/架位号 状态 备注
1 7843587   278435873   学院路分馆/ [索取号:D518/JY5] 在馆    
2 7843588   278435882   学院路分馆/ [索取号:D518/JY5] 在馆    
唐山师范学院图书馆 欢迎您!
大连网信软件有限公司© 版权所有